| 000 | 01341nam a2200241 i 4500 | ||
|---|---|---|---|
| 003 | IT-RoINE | ||
| 005 | 20211223125226.0 | ||
| 008 | 090318s2008 sp |||||r |00|||bspa|d | ||
| 020 | _a8493272884 | ||
| 040 |
_aUPSA _cIT-RoINE _dIT-RoINE |
||
| 100 | 1 |
_aYuste, Belén _96723 |
|
| 245 | 1 | 4 |
_aUna carmelita en Flandes : _bvida de Ana de San Bartolomé : compañera inseparable de Teresa de Jesús (1549-1626) / _cBelén Yuste, Sonnia L. Rivas-Caballero. |
| 250 | _a2ª ed. | ||
| 260 |
_aMadrid : _bEdicel Centro Bíblico Católico, _c2008. |
||
| 300 |
_a239 p., [16] p. de lám.: _bil. ; _c22 cm. |
||
| 336 |
_2rdacontent _atext |
||
| 337 |
_2rdamedia _aunmediated |
||
| 338 |
_2rdacarrier _avolume |
||
| 520 | _aLa interesante vida de una carmelita que vivió y cruzó los siglos a la sombra de Teresa de Jesús. Fue su enfermera, su secretaria, su confidente y entre sus brazos murió la gran Santa abulense. Expandió el Carmelo Teresiano en Francia y Flandes y fue amiga y consejera de la hija de Felipe II, la infanta Isabel Clara Eugenia, gobernadora de los Paises Bajos. Murió en Amberes con fama de santidad, arropada por el cariño popular y el reconocimiento de grandes personajes de la época. | ||
| 600 | 0 | 4 |
_aAna de San Bartolomé, _cBeata, _9977 _d1549-1626 _xBiografía |
| 700 | 1 |
_aRivas-Caballero, Sonnia L. _96724 |
|
| 942 | _cMTS | ||
| 999 |
_c3347 _d3347 |
||